The Olympic games: Meeting new global challenges

Bibliographic Details
Other Authors: Hassan, David, Mitra, Shakya
Format: Book
Published: London : Routledge , 2015
Series:Sports in the global society - Contemporary perspectives
Subjects:

MARC

LEADER 00000cam a2200000 7i4500
001 0000193399
005 20160122.0
020 |a 9780415741767 
090 0 0 |a 796.48   |b OLY 
245 0 4 |a The Olympic games: Meeting new global challenges   |c edited by David Hassan and Shakya Mitra 
260 |a London :   |b Routledge ,   |c 2015 
300 |a 120p. ;   |c 26cm. 
490 0 |a Sports in the global society - Contemporary perspectives 
650 0 |a Olympic host city selection 
650 0 |a Olympics 
700 1 |a Hassan, David 
700 1 |a Mitra, Shakya 
999 |a 00316979   |b BUKU   |c RUJUKAN   |e PERPUSTAKAAN KOMUNITI PETALING JAYA